Państwa z największą liczbą wilków - Statystyki

Ogólne statystyki
  • Ten quiz został rozwiązany 2 069 razy
    1 720 od ostatniego zresetowania
  • Średni wynik to 12 z 17
Statystyki odpowiedzi
Liczba wilków Państwo % Poprawnych
67000 Rosja
99%
18000 Stany Zjednoczone
97%
> 60000 Kanada
96%
1900 Polska
96%
12500 Chiny
90%
2000 Ukraina
85%
30000 Kazachstan
78%
1500–2000 Białoruś
77%
10000–20000 Mongolia
75%
2000–3000 Indie
72%
7000 Turcja
60%
2500–3000 Rumunia
58%
2000 Uzbekistan
51%
3300 Włochy
47%
2000–3000 Hiszpania
43%
2700 Bułgaria
41%
4000 Kirgistan
41%
Nie znaleziono quizów pasujących do podanych kryteriów
Rozkład punktacji
Procent ludzi z każdym wynikiem
Percentyl według liczby udzielonych odpowiedzi
Twoja historia wyników
Nie rozwiązałeś tego quizu od ostatniego zresetowania